Toni Innauer - quiz wielokrotnego wyboru - Statystyki

Ogólne statystyki
  • Ten quiz został rozwiązany 3 razy
  • Średni wynik to 7 z 10
Statystyki odpowiedzi
Zagadnienie Odpowiedź % Poprawnych
W którym roku Toni zadebiutował w Pucharze Świata? 1979
100%
Kiedy Toni Innauer skończył karierę? W 1982 r.
100%
Gdzie zadebiutował? W Cortinie d' Ampezzo
100%
W którym roku Toni Innauer został wicemistrzem świata w lotach narciarskich? 1977
67%
Jak ma na imię syn Toniego Innauera? Mario
67%
Który z tych turniejów wygrał Toni? Szwajcarski
67%
W którym roku urodził się Innauer? W 1958
67%
Ile medali olimpijskich ma Innauer? 2
33%
Ile miał wtedy lat? 23
33%
Gdzie odbyły się te mistrzostwa? Vikersund
33%
Nie znaleziono quizów pasujących do podanych kryteriów
Rozkład punktacji
Procent ludzi z każdym wynikiem
Percentyl według liczby udzielonych odpowiedzi
Twoja historia wyników
Nie rozwiązałeś tego quizu